[Event "Varennes"]
[Site "Varennes CAN"]
[Date "2013.11.10"]
[Round "4"]
[White "Weston, Paul"]
[Black "Gilbert, Erick"]
[Result "1-0"]
[WhiteElo "1975"]
[BlackElo "1877"]
[PlyCount "77"]
[GameId "2160767909224884"]
[EventDate "2013.11.08"]
[EventType "swiss"]
[EventRounds "5"]
[EventCountry "CAN"]
[SourceTitle "hb 2013"]

1. f4 d6 2. Nf3 Nf6 3. d3 Nbd7 4. e4 c6 5. e5 dxe5 6. Nc3 exf4 7. Bxf4 Nd5 8. Nxd5 cxd5 9. Qd2 e6 10. d4 Nf6 11. Ne5 a6 12. Bd3 Be7 13. O-O-O Bd7 14. Qe2 Qa5 15. Nxd7 Nxd7 16. Kb1 Rc8 17. g4 Rc6 18. g5 Qb6 19. Bc1 Qc7 20. h4 Nb6 21. b3 Bb4 22. Bb2 Bc3 23. Bxc3 Rxc3 24. h5 Qe7 25. g6 Nd7 26. gxh7 e5 27. dxe5 Nxe5 28. Rhe1 f6 29. Qd2 Rxd3 30. cxd3 d4 31. Qg2 Kf8 32. Qe4 Qd7 33. Rc1 a5 34. Rc2 Nc6 35. Qg6 Qf7 36. Rce2 Ne5 37. Qf5 g6 38. hxg6 Qxg6 39. Rxe5 1-0

[Event "Varennes"]
[Site "Varennes CAN"]
[Date "2013.11.10"]
[Round "5"]
[White "Caire, Francois"]
[Black "Masse, Hugues"]
[Result "1/2-1/2"]
[WhiteElo "2134"]
[BlackElo "2234"]
[PlyCount "137"]
[GameId "2160767909224885"]
[EventDate "2013.11.08"]
[EventType "swiss"]
[EventRounds "5"]
[EventCountry "CAN"]
[SourceTitle "hb 2013"]

1. d4 Nf6 2. c4 g6 3. Nc3 d5 4. e3 Bg7 5. Qb3 e6 6. Qa3 b6 7. Nf3 Bb7 8. Be2 dxc4 9. Bxc4 Qd6 10. Qxd6 cxd6 11. Bd2 Kd7 12. O-O Rc8 13. Bb5+ Ke7 14. Rac1 Na6 15. Rfd1 Nc7 16. Bd3 Ncd5 17. Ne2 Rxc1 18. Rxc1 Rc8 19. Rxc8 Bxc8 20. e4 Nc7 21. Nc3 Bb7 22. Kf1 Nd7 23. Ke2 f5 24. Bg5+ Ke8 25. g3 Nf6 26. exf5 gxf5 27. h3 Kd7 28. Be3 Bc6 29. a3 Ke7 30. Bc4 Nfd5 31. Bg5+ Kd7 32. Nxd5 Nxd5 33. Bd3 Ne7 34. g4 fxg4 35. hxg4 h6 36. Be3 Bd5 37. Bb5+ Nc6 38. Nd2 a6 39. Bxa6 Nxd4+ 40. Kd3 Nc6 41. Bxb6 Bxb2 42. Bb5 Bxa3 43. Be3 Bc5 44. Bxc5 dxc5 45. f4 Kd6 46. Ne4+ Bxe4+ 47. Kxe4 Ne7 48. Be2 Nd5 49. Bc4 Nf6+ 50. Kf3 Nd5 51. g5 hxg5 52. fxg5 Ke5 53. Bd3 Kd4 54. Be2 Ke5 55. Bd3 Ne7 56. Kg4 Kd4 57. Bb1 e5 58. g6 e4 59. g7 c4 60. Kf4 e3 61. Kf3 c3 62. Bh7 Ng8 63. Ke2 Nf6 64. Bg6 Ng8 65. Bc2 Nf6 66. Bh7 Ng8 67. Kd1 Nf6 68. Ke2 Ng8 69. Bc2 1/2-1/2

[Event "Varennes"]
[Site "Varennes CAN"]
[Date "2013.11.10"]
[Round "5"]
[White "Cloutier, Mario"]
[Black "Nicula, Marius"]
[Result "0-1"]
[WhiteElo "2048"]
[BlackElo "2210"]
[PlyCount "110"]
[GameId "2160767909224886"]
[EventDate "2013.11.08"]
[EventType "swiss"]
[EventRounds "5"]
[EventCountry "CAN"]
[SourceTitle "hb 2013"]

1. d4 d6 2. c4 g6 3. Nc3 Bg7 4. e4 Nd7 5. Nf3 e6 6. Be2 Ne7 7. Be3 b6 8. Qd2 h6 9. O-O-O Bb7 10. Ne1 c6 11. Kb1 a6 12. h4 h5 13. Nd3 Qc7 14. f3 c5 15. Nc1 O-O-O 16. d5 exd5 17. exd5 Nf5 18. Bf4 Rde8 19. Ne4 Ne5 20. Bd3 Kb8 21. Ne2 Ka7 22. N2c3 Bc8 23. Bg5 Nd7 24. Rde1 Nd4 25. Ne2 f5 26. N4c3 Nxe2 27. Nxe2 Ne5 28. Nf4 Rhg8 29. Re2 Bd7 30. Rhe1 b5 31. Qc1 bxc4 32. Bxc4 Nxc4 33. Qxc4 Rxe2 34. Qxe2 Be5 35. Qc4 Rb8 36. b3 Qa5 37. Re3 Rb4 38. Qc1 Rxf4 39. Bxf4 Bxf4 40. Qe1 Qxe1+ 41. Rxe1 Kb6 42. Re7 Bb5 43. Re6 Bd3+ 44. Kb2 Be5+ 45. Ka3 f4 46. Ka4 Kc7 47. Re7+ Kb6 48. Re6 a5 49. Ka3 Kb5 50. Re7 Bf1 51. Rb7+ Ka6 52. Rb8 Bxg2 53. Rg8 Bxf3 54. Rxg6 Bxd5 55. Rh6 Bf3 0-1

[Event "Varennes"]
[Site "Varennes CAN"]
[Date "2013.11.10"]
[Round "5"]
[White "Giroux, Robert"]
[Black "Langlois-Remillard, Alexis"]
[Result "1/2-1/2"]
[WhiteElo "1912"]
[BlackElo "1923"]
[PlyCount "91"]
[GameId "2160767909224887"]
[EventDate "2013.11.08"]
[EventType "swiss"]
[EventRounds "5"]
[EventCountry "CAN"]
[SourceTitle "hb 2013"]

1. Nf3 Nc6 2. d4 d5 3. g3 Nf6 4. Bg2 Bf5 5. c3 e6 6. Nbd2 Bd6 7. a3 O-O 8. Nh4 Bg4 9. h3 Bh5 10. g4 Ne4 11. Nhf3 Bg6 12. c4 h5 13. b4 Qf6 14. Bb2 hxg4 15. hxg4 Qf4 16. c5 Be7 17. e3 Qxg4 18. Bh3 Qh5 19. Qe2 Nxd2 20. Nxd2 Qxe2+ 21. Kxe2 Bh5+ 22. Kd3 g6 23. Rag1 Kg7 24. f4 f5 25. Bc3 Rh8 26. Bg2 Bg4 27. Rxh8 Rxh8 28. Rh1 Rxh1 29. Bxh1 g5 30. fxg5 Bxg5 31. Bf3 Kg6 32. Ke2 Kh5 33. Kf2 Kh4 34. Bg2 Ne7 35. Nf3+ Bxf3 36. Kxf3 Kh5 37. Be1 Bh4 38. Bd2 c6 39. Bf1 a6 40. Be2 Bg5 41. a4 Kg6 42. b5 axb5 43. axb5 cxb5 44. Bxb5 Nc6 45. Bxc6 bxc6 46. Bc3 1/2-1/2

[Event "Varennes"]
[Site "Varennes CAN"]
[Date "2013.11.10"]
[Round "5"]
[White "Libersan, Thierry"]
[Black "Lawson, Eric"]
[Result "1/2-1/2"]
[WhiteElo "2144"]
[BlackElo "2379"]
[PlyCount "71"]
[GameId "2160767909224888"]
[EventDate "2013.11.08"]
[EventType "swiss"]
[EventRounds "5"]
[EventCountry "CAN"]
[SourceTitle "hb 2013"]

1. e4 c5 2. Nf3 Nc6 3. Nc3 e5 4. Bc4 Be7 5. d3 d6 6. h3 Nf6 7. Bg5 O-O 8. Bxf6 Bxf6 9. Nd5 a6 10. a4 Rb8 11. c3 Kh8 12. Qd2 Be7 13. g4 b5 14. axb5 axb5 15. Bb3 b4 16. Bc4 bxc3 17. bxc3 Na5 18. Ba2 Be6 19. Ke2 Nb3 20. Bxb3 Rxb3 21. Rab1 Rxb1 22. Rxb1 h5 23. Ne3 hxg4 24. hxg4 Bg5 25. Nxg5 Qxg5 26. Rh1+ Kg8 27. f3 Ra8 28. c4 Qf4 29. Nf1 Qf6 30. Ne3 Qd8 31. Kf2 Ra3 32. Nf5 Bxf5 33. gxf5 Qe7 34. Ke2 Qa7 35. Qe1 Qa4 36. Rh8+ 1/2-1/2

[Event "Varennes"]
[Site "Varennes CAN"]
[Date "2013.11.10"]
[Round "5"]
[White "Ouellet, Maili-Jade"]
[Black "Turcotte, Jonathan"]
[Result "1/2-1/2"]
[WhiteElo "1817"]
[BlackElo "2047"]
[PlyCount "112"]
[GameId "2160767909224890"]
[EventDate "2013.11.08"]
[EventType "swiss"]
[EventRounds "5"]
[EventCountry "CAN"]
[SourceTitle "hb 2013"]

1. d4 d5 2. c4 c6 3. Nf3 Nf6 4. Nc3 e6 5. Bg5 Nbd7 6. cxd5 exd5 7. e3 Be7 8. Bd3 O-O 9. Qc2 Re8 10. O-O Nf8 11. Rab1 a5 12. a3 g6 13. b4 axb4 14. axb4 Ne6 15. Bh4 Ng7 16. b5 Bf5 17. Bxf5 Nxf5 18. Bg5 h6 19. Bf4 Bd6 20. Bxd6 Nxd6 21. Ne5 Qc7 22. bxc6 bxc6 23. Ne2 c5 24. Qxc5 Qxc5 25. dxc5 Nde4 26. Nd3 Nd2 27. Nd4 Nxf1 28. Kxf1 Ne4 29. Ke1 Ra3 30. Rd1 Rc8 31. c6 Rc3 32. Nb4 Rc5 33. f3 Ng5 34. Ne2 Rb5 35. Nxd5 Kf8 36. e4 Rxc6 37. Nd4 Rcc5 38. Nxb5 Rxb5 39. Kf2 Ne6 40. Ke3 Rb2 41. Rd2 Rb3+ 42. Kf2 f5 43. exf5 gxf5 44. Kg3 Kf7 45. Kh4 Rb5 46. Kg3 Kg6 47. Nf4+ Nxf4 48. Kxf4 Rb4+ 49. Kg3 Kg5 50. Rd5 h5 51. Kh3 Rb3 52. Rd4 Ra3 53. Kg3 Ra6 54. h4+ Kf6 55. Kf4 Ra2 56. g3 Ra6 1/2-1/2

[Event "Varennes"]
[Site "Varennes CAN"]
[Date "2013.11.10"]
[Round "5"]
[White "Roy, Myriam"]
[Black "Gilbert, Erick"]
[Result "0-1"]
[WhiteElo "1993"]
[BlackElo "1877"]
[PlyCount "62"]
[GameId "2160767909224891"]
[EventDate "2013.11.08"]
[EventType "swiss"]
[EventRounds "5"]
[EventCountry "CAN"]
[SourceTitle "hb 2013"]

1. e4 d6 2. d4 c6 3. f4 Nf6 4. Bd3 e5 5. Nf3 exd4 6. Nxd4 Bg4 7. Nf3 Nbd7 8. O-O Be7 9. Nc3 O-O 10. Kh1 Nc5 11. Be3 Nxd3 12. Qxd3 Qc8 13. Rae1 Rd8 14. h3 Bd7 15. f5 d5 16. Nd2 Nh5 17. Kg1 Ng3 18. exd5 Bxf5 19. Rxf5 Nxf5 20. Bf2 cxd5 21. g4 d4 22. Nd1 Ne3 23. Nxe3 dxe3 24. Qxe3 Bc5 25. Qxc5 Qxc5 26. Bxc5 Rxd2 27. Re7 Rxc2 28. Bd4 b6 29. Bc3 Rc1+ 30. Kg2 Rd1 31. a3 Rd6 0-1

[Event "Varennes"]
[Site "Varennes CAN"]
[Date "2013.11.10"]
[Round "5"]
[White "Tomb, Maroun"]
[Black "Le Duin, Thierry"]
[Result "1-0"]
[WhiteElo "2200"]
[BlackElo "2063"]
[PlyCount "67"]
[GameId "2160767909224893"]
[EventDate "2013.11.08"]
[EventType "swiss"]
[EventRounds "5"]
[EventCountry "CAN"]
[SourceTitle "hb 2013"]

1. c4 Nf6 2. Nc3 c6 3. e4 e5 4. Nf3 d6 5. d4 Qc7 6. g3 Bg4 7. Bg2 Be7 8. O-O O-O 9. h3 Be6 10. b3 a6 11. Be3 h6 12. Rc1 Ne8 13. Qe2 Bf6 14. Rfd1 Bc8 15. c5 exd4 16. cxd6 Qxd6 17. Nxd4 Bxd4 18. Bxd4 Qe7 19. Na4 Nd7 20. Nb6 Nxb6 21. Bxb6 Nc7 22. Bc5 Qe8 23. Rd2 Ne6 24. Bd6 b6 25. e5 Bb7 26. f4 Qc8 27. Bxf8 Kxf8 28. Rd6 Nd8 29. Rcd1 Ne6 30. f5 Nc5 31. e6 fxe6 32. fxe6 Qe8 33. b4 Na4 34. e7+ 1-0

[Event "Varennes"]
[Site "Varennes CAN"]
[Date "2013.11.10"]
[Round "5"]
[White "Weston, Paul"]
[Black "Forget, Luc"]
[Result "1-0"]
[WhiteElo "1975"]
[BlackElo "2030"]
[PlyCount "113"]
[GameId "2160767909224894"]
[EventDate "2013.11.08"]
[EventType "swiss"]
[EventRounds "5"]
[EventCountry "CAN"]
[SourceTitle "hb 2013"]

1. c4 Nf6 2. g3 e6 3. Bg2 d5 4. b3 Be7 5. Nf3 O-O 6. O-O b6 7. Bb2 Nbd7 8. d3 Bb7 9. Nbd2 c5 10. cxd5 exd5 11. d4 Re8 12. Re1 Qc7 13. Qc2 Rad8 14. Rac1 Qb8 15. a3 Qa8 16. e3 a5 17. a4 Bf8 18. Qb1 h6 19. h4 cxd4 20. Nxd4 Nc5 21. Nb5 Qb8 22. Bxf6 gxf6 23. Nf3 Ne4 24. Rc7 Re7 25. Rxe7 Bxe7 26. Nfd4 Qc8 27. Rc1 Bc5 28. Qd3 Qd7 29. Rc2 Ba6 30. Kh2 Bxd4 31. Qxd4 Bxb5 32. axb5 Nc5 33. Qxf6 Qd6 34. Qb2 d4 35. Rc4 Ne6 36. Bh3 dxe3 37. Bxe6 Qxe6 38. fxe3 Qxe3 39. Rc2 Kh7 40. Rf2 f5 41. Re2 Qd4 42. Qc2 Qd3 43. Qc7+ Rd7 44. Qe5 Rg7 45. Rf2 Rf7 46. Qe6 Kg7 47. Qxb6 Qxb3 48. Qd4+ Rf6 49. Qa7+ Rf7 50. Qxa5 f4 51. gxf4 Qe3 52. Qa1+ Kf8 53. Qa8+ Ke7 54. Qb7+ Kf8 55. Qc8+ Ke7 56. Qc7+ Kf6 57. Qe5+ 1-0

[Event "WBX-Tch"]
[Site "Edmonton CAN"]
[Date "2013.12.14"]
[Round "3"]
[White "Miller, David"]
[Black "Haynes, Nicolas"]
[Result "1-0"]
[WhiteElo "1987"]
[BlackElo "2180"]
[PlyCount "77"]
[GameId "2160767909208156"]
[EventDate "2013.12.14"]
[EventType "team"]
[EventRounds "5"]
[EventCountry "CAN"]

1. e4 e5 2. f4 d5 3. exd5 exf4 4. Nf3 Nf6 5. Bb5+ Bd7 6. Bc4 Bd6 7. O-O O-O 8. d4 Bg4 9. Nc3 Nbd7 10. Bb3 Re8 11. Nb5 Nf8 12. c4 Ng6 13. Qd3 a6 14. Nc3 b6 15. Bd2 Qc8 16. Rae1 Qf5 17. Bc2 Qh5 18. Ne4 Nxe4 19. Rxe4 Red8 20. Ree1 Re8 21. b4 Rxe1 22. Rxe1 Rd8 23. c5 Bf8 24. Bb3 b5 25. Ne5 Bf5 26. Qf1 Nxe5 27. dxe5 a5 28. Qxf4 a4 29. Bd1 Qg6 30. Bf3 h6 31. Qh4 Rb8 32. Bh5 Qa6 33. Qf4 g6 34. Bf3 Rd8 35. g4 Bc2 36. e6 fxe6 37. dxe6 Bg7 38. Qf7+ Kh8 39. e7 1-0

[Event "WBX-Tch"]
[Site "Edmonton CAN"]
[Date "2013.12.15"]
[Round "4"]
[White "Kazmaier, Daniel"]
[Black "Gardner, Robert"]
[Result "1-0"]
[WhiteElo "2196"]
[BlackElo "2179"]
[PlyCount "51"]
[GameId "2160767909208157"]
[EventDate "2013.12.14"]
[EventType "team"]
[EventRounds "5"]
[EventCountry "CAN"]

1. d4 Nf6 2. Bg5 e6 3. e4 c5 4. e5 h6 5. Bc1 Nd5 6. c4 Nb6 7. Nf3 cxd4 8. Qxd4 Nc6 9. Qe4 d5 10. exd6 Bxd6 11. Be3 Qe7 12. Nc3 O-O 13. g4 e5 14. g5 f5 15. gxf6 Rxf6 16. Nh4 Nd4 17. Bd3 Bf5 18. Nxf5 Nxf5 19. Bxb6 Bb4 20. Be3 Bxc3+ 21. bxc3 Nxe3 22. fxe3 Qa3 23. Rg1 Qxc3+ 24. Ke2 Qb2+ 25. Bc2 Raf8 26. Rxg7+ 1-0

[Event "WBX-Tch"]
[Site "Edmonton CAN"]
[Date "2013.12.15"]
[Round "5"]
[White "Daher, Nayef"]
[Black "Wu, Chenxi"]
[Result "1/2-1/2"]
[WhiteElo "1770"]
[BlackElo "1715"]
[PlyCount "29"]
[GameId "2160767909208158"]
[EventDate "2013.12.14"]
[EventType "team"]
[EventRounds "5"]
[EventCountry "CAN"]

1. e4 c5 2. Nf3 d6 3. b4 Nd7 4. bxc5 Nxc5 5. Nc3 Nf6 6. e5 dxe5 7. Nxe5 Qc7 8. d4 Ncd7 9. Nb5 Qd8 10. Bf4 Nd5 11. Nxf7 Qb6 12. Qh5 N7f6 13. Nfd6+ Kd8 14. Nf7+ Ke8 15. Nfd6+ 1/2-1/2

[Event "Waterloo Reading Week op"]
[Site "Kitchener CAN"]
[Date "2013.02.17"]
[Round "3"]
[White "Deline, Ralph"]
[Black "Pan, Neal"]
[Result "0-1"]
[WhiteElo "1735"]
[BlackElo "2001"]
[PlyCount "49"]
[GameId "2160767909381677"]
[EventDate "2013.02.17"]
[EventType "swiss"]
[EventRounds "4"]
[EventCountry "CAN"]

1. e4 d6 2. d4 Nf6 3. Nc3 g6 4. Be2 Bg7 5. g4 b6 6. h4 Bb7 7. f3 h5 8. g5 Nfd7 9. Be3 c5 10. Qd2 Nc6 11. d5 Nd4 12. f4 e5 13. Nf3 Qe7 14. Rf1 b5 15. fxe5 Nxf3+ 16. Bxf3 Nxe5 17. Be2 Bc8 18. Bf4 Bd7 19. Qe3 a5 20. Nd1 a4 21. c3 b4 22. c4 a3 23. Qd2 b3 24. axb3 Bh3 25. Bg4 0-1

[Event "Winnipeg December Quads-A"]
[Site "Winnipeg CAN"]
[Date "2013.12.08"]
[Round "1.3"]
[White "De Groot, Steven"]
[Black "Magyar, Peter"]
[Result "0-1"]
[WhiteElo "1963"]
[BlackElo "1624"]
[PlyCount "74"]
[GameId "2160767909208210"]
[EventDate "2013.12.08"]
[EventType "tourn"]
[EventRounds "3"]
[EventCountry "CAN"]
[SourceTitle "EXT 2022"]
[Source "ChessBase"]
[SourceDate "2021.10.06"]
[SourceVersion "1"]
[SourceVersionDate "2021.10.06"]
[SourceQuality "1"]

1. c4 c5 2. Nc3 Nf6 3. g3 Nc6 4. Bg2 b6 5. d3 Bb7 6. e4 d6 7. Nge2 e6 8. O-O Be7 9. h3 O-O 10. f4 a6 11. g4 h6 12. Ng3 Nd4 13. Nce2 Rb8 14. Nxd4 cxd4 15. g5 Nd7 16. h4 Qc7 17. Qg4 hxg5 18. hxg5 f5 19. Qh3 g6 20. Kf2 Kf7 21. Qh7+ Ke8 22. Qxg6+ Kd8 23. Qxe6 Nc5 24. Qg6 Nxd3+ 25. Kg1 Kd7 26. Nxf5 Rg8 27. Qf7 Rbe8 28. Nxe7 Kd8 29. Qxg8 Rxg8 30. Nxg8 Qc6 31. Nf6 Nc5 32. f5 d3 33. g6 Qc7 34. Bg5 Kc8 35. Rad1 Qe7 36. Nh7 Qe5 37. Bf6 Qg3 0-1

[Event "Winnipeg December Quads-A"]
[Site "Winnipeg CAN"]
[Date "2013.12.08"]
[Round "1.3"]
[White "Wasserman, Leor"]
[Black "Atem, James"]
[Result "1/2-1/2"]
[WhiteElo "2027"]
[BlackElo "1951"]
[PlyCount "38"]
[GameId "2160767909208211"]
[EventDate "2013.12.08"]
[EventType "tourn"]
[EventRounds "3"]
[EventCountry "CAN"]
[SourceTitle "EXT 2022"]
[Source "ChessBase"]
[SourceDate "2021.10.06"]
[SourceVersion "1"]
[SourceVersionDate "2021.10.06"]
[SourceQuality "1"]

1. e4 Nc6 2. Nf3 e5 3. c3 Nf6 4. d4 Nxe4 5. d5 Bc5 6. Bd3 Nxf2 7. Qe2 O-O 8. Bxh7+ Kxh7 9. Ng5+ Kg6 10. h4 f5 11. h5+ Kf6 12. Nh7+ Kf7 13. Bg5 Ne7 14. h6 Nxh1 15. Qxe5 gxh6 16. Bxh6 Rg8 17. Qf6+ Ke8 18. Ng5 d6 19. Qf7+ Kd7 1/2-1/2

[Event "Winnipeg December Quads-A"]
[Site "Winnipeg CAN"]
[Date "2013.12.08"]
[Round "2.3"]
[White "Magyar, Peter"]
[Black "Wasserman, Leor"]
[Result "0-1"]
[WhiteElo "1624"]
[BlackElo "2027"]
[PlyCount "48"]
[GameId "2160767909208212"]
[EventDate "2013.12.08"]
[EventType "tourn"]
[EventRounds "3"]
[EventCountry "CAN"]
[SourceTitle "EXT 2022"]
[Source "ChessBase"]
[SourceDate "2021.10.06"]
[SourceVersion "1"]
[SourceVersionDate "2021.10.06"]
[SourceQuality "1"]

1. Nf3 Nc6 2. e3 e5 3. Nc3 d5 4. d4 e4 5. Nd2 Nf6 6. h3 Bd6 7. Be2 Be6 8. b3 Nd7 9. Bb2 Qg5 10. g3 Bxg3 11. Ncxe4 dxe4 12. Nxe4 Bxf2+ 13. Nxf2 Nf6 14. Qd2 Qg3 15. Bd3 Bd5 16. e4 Bxe4 17. Qe2 O-O 18. Bxe4 Nxe4 19. O-O-O Nxf2 20. Rhg1 Qf4+ 21. Rd2 Ne4 22. d5 Ne5 23. Bxe5 Qxe5 24. Rd3 Qa1# 0-1

[Event "Winnipeg December Quads-A"]
[Site "Winnipeg CAN"]
[Date "2013.12.08"]
[Round "2.6"]
[White "Atem, James"]
[Black "De Groot, Steven"]
[Result "1-0"]
[WhiteElo "1951"]
[BlackElo "1963"]
[PlyCount "121"]
[GameId "2160767909208213"]
[EventDate "2013.12.08"]
[EventType "tourn"]
[EventRounds "3"]
[EventCountry "CAN"]
[SourceTitle "EXT 2022"]
[Source "ChessBase"]
[SourceDate "2021.10.06"]
[SourceVersion "1"]
[SourceVersionDate "2021.10.06"]
[SourceQuality "1"]

1. e4 c5 2. Nf3 d6 3. d4 cxd4 4. Qxd4 a6 5. Nc3 Nc6 6. Qd1 Nf6 7. Bc4 Qc7 8. h3 e6 9. a3 Be7 10. Ba2 Bd7 11. Qd3 b5 12. O-O O-O 13. Bb1 Rfd8 14. Be3 Na5 15. b3 Be8 16. Rd1 Rac8 17. Ne2 Nb7 18. c3 Nc5 19. Bxc5 Qxc5 20. Bc2 g6 21. Nd2 Nd7 22. b4 Qb6 23. Rac1 Bf6 24. Nf3 Ne5 25. Nxe5 Bxe5 26. Bb3 Bc6 27. Re1 d5 28. exd5 Bxd5 29. Bxd5 Rxd5 30. Qf3 Rc4 31. Rcd1 Rxd1 32. Rxd1 Qc6 33. Qxc6 Rxc6 34. Rd3 Kg7 35. g3 Rd6 36. Rxd6 Bxd6 37. f4 e5 38. Kf2 exf4 39. gxf4 Kf6 40. Kf3 Ke6 41. Ke4 Be7 42. Nd4+ Kd6 43. Nb3 f5+ 44. Kd4 Bf6+ 45. Kd3 Kd5 46. Nc5 a5 47. Nd7 Bd8 48. bxa5 Bxa5 49. Nf6+ Kc5 50. Nxh7 Bd8 51. Nf8 Be7 52. Nxg6 Bf6 53. Nf8 Kd6 54. c4 bxc4+ 55. Kxc4 Ke7 56. Ng6+ Kf7 57. Ne5+ Ke6 58. Kd4 Kd6 59. a4 Kc7 60. Kd5 Kb7 61. Ke6 1-0

[Event "Winnipeg December Quads-A"]
[Site "Winnipeg CAN"]
[Date "2013.12.08"]
[Round "3.6"]
[White "Magyar, Peter"]
[Black "Atem, James"]
[Result "0-1"]
[WhiteElo "1624"]
[BlackElo "1951"]
[PlyCount "70"]
[GameId "2160767909208214"]
[EventDate "2013.12.08"]
[EventType "tourn"]
[EventRounds "3"]
[EventCountry "CAN"]
[SourceTitle "EXT 2022"]
[Source "ChessBase"]
[SourceDate "2021.10.06"]
[SourceVersion "1"]
[SourceVersionDate "2021.10.06"]
[SourceQuality "1"]

1. d4 e6 2. e3 Nf6 3. f4 c5 4. c3 Ne4 5. Nd2 Qh4+ 6. g3 Nxg3 7. Ngf3 Qh6 8. Rg1 Nxf1 9. Rxf1 cxd4 10. exd4 Qxf4 11. Nc4 Qe4+ 12. Be3 d5 13. Ng5 Qh4+ 14. Rf2 Be7 15. Nxf7 Rf8 16. Ncd6+ Kd7 17. Qa4+ Nc6 18. O-O-O Bxd6 19. Rdf1 Rxf7 20. Rxf7+ Kd8 21. Rxg7 h6 22. Qd1 Bd7 23. Rff7 Be8 24. Rf8 Bxf8 25. Rg8 Be7 26. Qf1 Kd7 27. Qb5 Rb8 28. c4 Qe1+ 29. Kc2 Qxe3 30. cxd5 Qe4+ 31. Kc3 Qxd4+ 32. Kc2 Qe4+ 33. Kd2 Bb4+ 34. Kc1 exd5 35. Rg7+ Ke6 0-1

[Event "Winnipeg December Quads-A"]
[Site "Winnipeg CAN"]
[Date "2013.12.08"]
[Round "3.6"]
[White "Wasserman, Leor"]
[Black "De Groot, Steven"]
[Result "1-0"]
[WhiteElo "2027"]
[BlackElo "1963"]
[PlyCount "49"]
[GameId "2160767909208215"]
[EventDate "2013.12.08"]
[EventType "tourn"]
[EventRounds "3"]
[EventCountry "CAN"]
[SourceTitle "EXT 2022"]
[Source "ChessBase"]
[SourceDate "2021.10.06"]
[SourceVersion "1"]
[SourceVersionDate "2021.10.06"]
[SourceQuality "1"]

1. e4 c5 2. Nf3 d6 3. d4 cxd4 4. Nxd4 Nf6 5. Nc3 a6 6. Bc4 e6 7. O-O Qc7 8. Bb3 Be7 9. a4 Nc6 10. Be3 Bd7 11. h3 Nxd4 12. Bxd4 Bc6 13. Re1 O-O 14. a5 Nd7 15. Qg4 Bf6 16. Bxf6 Nxf6 17. Qg5 h6 18. Qg3 Rfd8 19. Qe3 d5 20. e5 d4 21. Qe2 dxc3 22. exf6 cxb2 23. Qg4 g6 24. Bxe6 bxa1=Q 25. Qxg6+ 1-0

[Event "Winnipeg December Quads-B"]
[Site "Winnipeg CAN"]
[Date "2013.12.08"]
[Round "1.3"]
[White "Trueman, Francis"]
[Black "Remillard, John"]
[Result "0-1"]
[WhiteElo "1514"]
[BlackElo "1560"]
[PlyCount "104"]
[GameId "2160767909208217"]
[EventDate "2013.12.08"]
[EventType "swiss"]
[EventRounds "3"]
[EventCountry "CAN"]
[SourceTitle "EXT 2022"]
[Source "ChessBase"]
[SourceDate "2021.10.06"]
[SourceVersion "1"]
[SourceVersionDate "2021.10.06"]
[SourceQuality "1"]

1. Nf3 c5 2. g3 Nc6 3. Bg2 d5 4. d3 Nf6 5. Nbd2 e6 6. O-O Bd6 7. Re1 O-O 8. e4 Qc7 9. Qe2 dxe4 10. dxe4 Nd7 11. c3 Rb8 12. a4 Nde5 13. Nxe5 Nxe5 14. f4 Ng6 15. Nc4 Bd7 16. Nxd6 Qxd6 17. Be3 Qc7 18. e5 Ne7 19. Rad1 Bxa4 20. Ra1 b5 21. c4 Rfd8 22. Reb1 Bb3 23. cxb5 Nf5 24. Bd2 Bc2 25. Ba5 Nd4 26. Qf2 Qd7 27. Rc1 Rxb5 28. Bxd8 Qxd8 29. Rxc2 Nxc2 30. Qxc2 Qd4+ 31. Qf2 a5 32. Qxd4 cxd4 33. b4 f6 34. bxa5 d3 35. a6 d2 36. Bf3 Rc5 37. Rd1 Ra5 38. Be2 Ra2 39. exf6 gxf6 40. Kf2 Kf7 41. f5 Ke7 42. fxe6 f5 43. h4 h5 44. Ke3 Ra3+ 45. Kf4 Kxe6 46. Rxd2 Ra4+ 47. Kg5 Ra5 48. Kxh5 f4+ 49. Kh6 fxg3 50. Bg4+ Ke7 51. Rd7+ Ke8 52. a7 g2 0-1

[Event "Winnipeg December Quads-B"]
[Site "Winnipeg CAN"]
[Date "2013.12.08"]
[Round "2.6"]
[White "Trueman, Francis"]
[Black "Faraj, Raphael"]
[Result "1-0"]
[WhiteElo "1514"]
[BlackElo "1511"]
[PlyCount "113"]
[GameId "2160767909208219"]
[EventDate "2013.12.08"]
[EventType "swiss"]
[EventRounds "3"]
[EventCountry "CAN"]
[SourceTitle "EXT 2022"]
[Source "ChessBase"]
[SourceDate "2021.10.06"]
[SourceVersion "1"]
[SourceVersionDate "2021.10.06"]
[SourceQuality "1"]

1. Nf3 d5 2. d3 Nf6 3. Nbd2 Bd7 4. g3 e6 5. Bg2 Bd6 6. O-O Nc6 7. Re1 O-O 8. e4 e5 9. Qe2 Bg4 10. c3 Qd7 11. Nf1 dxe4 12. dxe4 h6 13. h4 a6 14. N1h2 Be6 15. Kh1 b5 16. Rg1 Bg4 17. Nxg4 Qxg4 18. Kh2 Qd7 19. Kh1 Rad8 20. Nh2 Na5 21. b3 Nb7 22. Bb2 Rfe8 23. Rad1 a5 24. g4 Qc6 25. Bf3 Nc5 26. g5 hxg5 27. hxg5 Nh7 28. g6 fxg6 29. Rxg6 Re6 30. Rg3 Rh6 31. c4 Ne6 32. Bc1 Rh4 33. Rdg1 Rd7 34. cxb5 Qb7 35. Qc4 Nhf8 36. Bg4 Kh8 37. Bxe6 Re7 38. Bd5 Qc8 39. Bg5 Rh7 40. Bxe7 Bxe7 41. Qd3 Qe8 42. Qf3 Bf6 43. Qg4 Qd7 44. Qxd7 Nxd7 45. Bf7 g5 46. Rc1 Rxf7 47. Rxc7 Rh7 48. b6 Nxb6 49. Rxh7+ Kxh7 50. Rc3 Kg6 51. Rc6 Nd7 52. Ng4 Kf7 53. Nxf6 Nxf6 54. Rc5 Nd7 55. Rxa5 Kg6 56. Rd5 Nf6 57. Rd6 1-0

[Event "Winnipeg TNT April op"]
[Site "Winnipeg CAN"]
[Date "2013.04.02"]
[Round "1"]
[White "Green, Aaron"]
[Black "Chapman, James"]
[Result "1-0"]
[WhiteElo "2012"]
[BlackElo "1672"]
[PlyCount "29"]
[GameId "2160767909364697"]
[EventDate "2013.04.02"]
[EventType "swiss"]
[EventRounds "5"]
[EventCountry "CAN"]
[SourceTitle "EXT 2022"]
[Source "ChessBase"]
[SourceDate "2021.10.06"]
[SourceVersion "1"]
[SourceVersionDate "2021.10.06"]
[SourceQuality "1"]

1. e4 c5 2. Nf3 Nc6 3. c3 d5 4. exd5 Qxd5 5. d4 Bg4 6. Be2 O-O-O 7. Be3 e6 8. O-O Nf6 9. h3 h5 10. hxg4 hxg4 11. Ng5 Ne5 12. dxe5 Qxe5 13. Qxd8+ Kxd8 14. Nxf7+ Ke7 15. Nxe5 1-0

[Event "Winnipeg TNT April op"]
[Site "Winnipeg CAN"]
[Date "2013.04.02"]
[Round "1"]
[White "Green, Jim"]
[Black "Babb, Jeff"]
[Result "0-1"]
[WhiteElo "1792"]
[BlackElo "2209"]
[PlyCount "67"]
[GameId "2160767909364698"]
[EventDate "2013.04.02"]
[EventType "swiss"]
[EventRounds "5"]
[EventCountry "CAN"]
[SourceTitle "EXT 2022"]
[Source "ChessBase"]
[SourceDate "2021.10.06"]
[SourceVersion "1"]
[SourceVersionDate "2021.10.06"]
[SourceQuality "1"]

1. e4 e5 2. Nf3 Nc6 3. d4 exd4 4. Nxd4 Nf6 5. Nxc6 bxc6 6. e5 Qe7 7. Qe2 Nd5 8. c4 Nb6 9. b3 a5 10. Ba3 Qg5 11. Bxf8 Qc1+ 12. Qd1 Qxd1+ 13. Kxd1 Rxf8 14. Nc3 f6 15. exf6 Rxf6 16. Be2 d5 17. Re1 Kf8 18. cxd5 cxd5 19. Bf3 a4 20. Kd2 c6 21. Ne2 g5 22. h3 Bxh3 23. Bxd5 Nxd5 24. gxh3 axb3 25. axb3 Rxa1 26. Rxa1 Rxf2 27. h4 Nf4 28. Re1 g4 29. h5 Kg7 30. Kd1 Nxe2 31. Rxe2 Rxe2 32. Kxe2 Kh6 33. Kf2 Kxh5 34. Kg3 0-1